Bibliografia historii polskiej za rok 1958

Bibliographic Details
Main Author: Baumgart, Jan (Compiler)
Other Authors: Malcówna, Anna (Compiler)
Format: Book
Language:Polish
PhysicalDescription:10, 202 s. 8°
Published: Wroclaw zakł. narod. im. Ossolíńskich 1960
Subjects:

MARC

LEADER 00000cam a2200000 a 4500
001 vtls001057914
003 SK-MaSNL
005 20260331203236.0
008 251124s1960 pl 00000 pol
035 |a SNK000000722 
040 |a SNK  |b slo  |c SNK  |e AACR2 
041 0 |a pol 
044 |a pl  |c PL 
100 1 |a Baumgart, Jan  |4 zos  |9 276351 
245 1 0 |a Bibliografia historii polskiej za rok 1958  |c Opracowali: Jan Baumgart, Anna Malcówna 
260 |a Wroclaw  |b zakł. narod. im. Ossolíńskich  |c 1960  |e Warszaw.  |f Drukar. Naukowa 
300 |a 10, 202 s.  |c 8° 
651 7 |a Poľsko  |x dejiny  |2 SNKPH  |9 15609 
655 7 |a bibliografie  |2 SNKPH  |9 28668 
700 1 |a Malcówna, Anna  |4 zos  |9 276356 
958 |a RK 
999 |c 876321  |d 878251 
952 |t P60, <04>, [BOOK], {604}  |a SNK  |b SNK  |y VYP  |7 0  |o snkIC 28409/1958  |i snkK 1025/61  |0 0  |1 0  |4 0  |d 1995-03-13  |l 0  |r 2004-12-31 00:00:00  |w 2026-02-24